Statystyki dla Państwa najwyżej w rankingach (Afryka)

Kliknij tutaj aby rozwiązać quiz!

Ogólne statystyki

  • Ten quiz został rozwiązany 161 razy
    (158 od ostatniego zresetowania)
  • Średni wynik to 48 z 60

Statystyki odpowiedzi

lp.Ranking według....Państwo% Poprawnych
2.ludnościEgipt
99%
8.Wskaźnika rozwoju społecznegoEgipt
99%
6.Średniej długości życiaEgipt
99%
10.Najwyższego szczytuRepublika Południowej Afryki
98%
9.Wskaźnika rozwoju społecznegoRepublika Południowej Afryki
98%
5.ludnościRepublika Południowej Afryki
98%
9.powierzchniRepublika Południowej Afryki
98%
3.Wskaźnika rozwoju społecznegoAlgieria
97%
2.Średniej długości życiaAlgieria
97%
1.powierzchniAlgieria
97%
3.Najwyższego szczytuDemokratyczna Republika Konga
96%
4.ludnościDemokratyczna Republika Konga
96%
2.powierzchniDemokratyczna Republika Konga
96%
6.powierzchniNiger
95%
7.Gęstości zaludnieniaNigeria
94%
1.ludnościNigeria
94%
3.powierzchniSudan
93%
8.ludnościSudan
93%
5.powierzchniCzad
91%
1.Średniej długości życiaMaroko
91%
7.Najwyższego szczytuMaroko
91%
10.ludnościMaroko
91%
4.powierzchniLibia
86%
5.Wskaźnika rozwoju społecznegoLibia
86%
3.Średniej długości życiaLibia
86%
8.powierzchniMali
85%
5.Najwyższego szczytuEtiopia
84%
3.ludnościEtiopia
84%
10.powierzchniEtiopia
84%
2.Najwyższego szczytuKenia
83%
7.ludnościKenia
83%
7.powierzchniAngola
81%
9.Średniej długości życiaMadagaskar
81%
4.Wskaźnika rozwoju społecznegoTunezja
78%
4.Średniej długości życiaTunezja
78%
1.Najwyższego szczytuTanzania
76%
6.ludnościTanzania
76%
9.Najwyższego szczytuLesotho
75%
8.Średniej długości życiaGhana
71%
8.Gęstości zaludnieniaGambia
67%
10.Średniej długości życiaGambia
67%
6.Najwyższego szczytuRwanda
67%
2.Gęstości zaludnieniaRwanda
67%
9.Gęstości zaludnieniaUganda
67%
9.ludnościUganda
67%
4.Najwyższego szczytuUganda
67%
8.Najwyższego szczytuKamerun
65%
1.Wskaźnika rozwoju społecznegoSeszele
63%
5.Gęstości zaludnieniaSeszele
63%
7.Wskaźnika rozwoju społecznegoGabon
61%
10.Wskaźnika rozwoju społecznegoRepublika Zielonego Przylądka
61%
10.Gęstości zaludnieniaRepublika Zielonego Przylądka
61%
7.Średniej długości życiaRepublika Zielonego Przylądka
61%
6.Wskaźnika rozwoju społecznegoBotswana
59%
3.Gęstości zaludnieniaKomory
59%
5.Średniej długości życiaMauritius
57%
1.Gęstości zaludnieniaMauritius
57%
2.Wskaźnika rozwoju społecznegoMauritius
57%
4.Gęstości zaludnieniaBurundi
53%
6.Gęstości zaludnieniaWyspy Świętego Tomasza i Książeca
52%

Rozkład punktacji

Percentyl według liczby udzielonych odpowiedzi

Procent ludzi z każdym wynikiem

Twoja historia wyników

Nie rozwiązałeś tego quizu od ostatniego zresetowania